000 00964nam a2200289 i 4500
003 DO-SdBNP
005 20230918103144.0
007 ta
008 110413s2023 dr 000 0 spa d
020 _a9789945222821
040 _aDO-SdBNP
_bspa
_cBNPHU
_erda
041 _hfrances
082 _bA923h
_222
100 1 _aAuguste, Jean Garry
_912719
245 1 0 _aHomosexualité & transidentité en Haïti :
_bmythes, faits, vision biblique et appel á la compassion chrétienne /
_cJean Garry Auguste
264 1 _aSanto Domingo :
_bBúho,
_c2023.
300 _a189 páginas
_c18 cm.
336 _2rdacontent
_atexto
_btxt
337 _2rdamedia
_asin mediación
_bn
338 _2rdacarrier
_avolumen
_bnc
500 _aIncluye datos biográficos del autor en la solapa de la portada.
500 _aIncluye notas a pie de páginas.
504 _aBibliografía P: 175-189
590 _aInventariado, 2023/ YL
910 _aYLockward
942 _2ddc
_cLBS1
999 _c54791
_d54791